| 000 | 00858nam a2200217Ii 4500 | ||
|---|---|---|---|
| 003 | JO-AjNU | ||
| 008 | 230605s9999||||xx |||||||||||||| ||und|| | ||
| 017 | _a2007/3/593 | ||
| 040 |
_aJO-AjNU _bara _erda _cJO-AjNU |
||
| 041 | _aara | ||
| 050 | 1 | 4 | _aDS97.6.A95.B37 2007 |
| 100 | 3 |
_aتاليف البطوش، بسام, _eauthor _957525 |
|
| 245 | 0 | 0 | _aرفيق العظم مفكرا ومصلحا: دراسه في فكره ودوره في الحركه الاصلاحيه العربيه |
| 250 | _aط1 | ||
| 264 | 3 | 1 | _aعمان: دار كنوز المعرفه،2007 |
| 300 | _a212ص | ||
| 336 |
_atext _btxt _2rdacontent |
||
| 337 |
_aunmediated _bn _2rdamedia |
||
| 338 |
_avolume _bnc _2rdacarrier |
||
| 650 | 4 |
_aالسياسيين-الثوره العربيه الكبرى-التراجم-التاريخ العربي-البلدان العربيه _957526 |
|
| 999 |
_aA25785 _c29353 _d29353 |
||